00418 2200157 4500001002100000008004100021035002000062245005400082100002000136260002600156300002200182020002200204084001400226082000800240990001200248INLIS000000000002766 IND  a0010-0925000113 aRomance Story: Turkey Love StorycKeenan Shazahda aKeenan Shazahda aJakartabNuansac2017 a160c(13 x 19 cm) a978-602-6409-26-3 a813 KEE r a813 a0754988